000 00510nas a22001697a 4500
003 IIN
005 20260507123147.0
008 260507c2015 |||qr|j| |||| 00| 0 eng d
040 _aIIN
245 _aJournal of fundamentals in Nursing Research
_cASC Journals Nursing
260 _aAurangabad:
_bInnovational Publishers,
_c2015
300 _aVol. 1, No. 1 (Jan.-Mar. 2015) -
_bill.
310 _aQuarterly
650 _aResearch
_xNursing
856 _uhttps://ascjournals.com/journal-details/15
942 _cSER
_s1
999 _c1893
_d1893